Make your own curtains & blinds

Bibliographic Details
Main Author: Reenen, Lani Van
Format: Book
Published: London : New Holland (Publishers) Ltd. , 1994
Subjects:

MARC

LEADER 00000cam a2200000 7i4500
001 0000007953
002 000008529
005 20000330.0
020 |a 1853682691 
090 0 0 |a 646.21   |b REE 
100 1 |a Reenen, Lani Van 
245 1 0 |a Make your own curtains & blinds   |c Lani Van Reennen 
260 |a London :   |b New Holland (Publishers) Ltd. ,   |c 1994 
300 |a 72p. :   |b ill ;   |c 21cm. 
650 0 0 |a Draperies 
650 0 0 |a Interior decoration 
650 0 0 |a Window shades 
999 |a 051165   |b BUKU   |c PINJAMAN   |e PERPUSTAKAAN KOMUNITI PETALING JAYA